Les ennemis de Spider Man - Statistiques

Statistiques générales
  • Ce quiz a été pris 505 fois
  • Le résultat moyen est 12 sur 22
Statistiques - réponses
Par images Réponse % Correct
Venom
99%
L'Homme-Sable
83%
Lézard
82%
Rhino
78%
Le Bouffon Vert
77%
Mysterio
74%
Le vautour
71%
Carnage
70%
Electro
70%
Dr. Octopus
61%
Kraven le chasseur
51%
Shocker
51%
Morbius
49%
Scorpion
47%
Caméléon
41%
Taskmaster
39%
Hammerhead
32%
Tombstone
30%
Morlun
29%
Hydro-man
23%
Negative Man
10%
Stegron
3%
Aucun quiz correspondant
Distribution des résultats
% des personnes avec chaque résultat
Percentile par nombre de réponses
Votre historique - résultats
Vous n’avez pas pris ce quiz